|
|
|
|
| LEADER |
00000nam0a2200000 4500 |
| 001 |
31623 |
| 005 |
20231030204530.0 |
| 010 |
|
|
|a 5870620767
|
| 035 |
|
|
|a (RuTPU)RU\TPU\book\31902
|
| 035 |
|
|
|a BOOK00000067
|
| 090 |
|
|
|a 31623
|
| 100 |
|
|
|a 20011209d2000 km y0rusy50 ca
|
| 101 |
0 |
|
|a rus
|
| 102 |
|
|
|a RU
|
| 105 |
|
|
|a y g 000zy
|
| 200 |
1 |
|
|a Справочник по делопроизводству
|f Г. Н. Марков
|
| 210 |
|
|
|a СПб.
|c Альфа
|d 2000
|
| 215 |
|
|
|a 378 с.
|
| 330 |
|
|
|a Данные рекомендации состоят из нескольких разделов, обеспечивающих ведение делопроизводства в соответствии с ГОСТ Р 6.30-97, а именно ведение управленческой документации, кадрового хозяйства, составления деловых писем на иностранном языке, структура стандарта ГОСТ Р 6.30-97, понятие делопроизводства на компьютере и толковые словари терминов документации и делопроизводства, рекомендации по подготовке прохождения документов ( приказов, договоров) на предприятии.
|
| 610 |
1 |
|
|a делопроизводство
|
| 610 |
1 |
|
|a деловые письма
|
| 610 |
1 |
|
|a компьютеры
|
| 610 |
1 |
|
|a документы
|
| 610 |
1 |
|
|a справочники
|
| 675 |
|
|
|a 651.4/.9(03)
|v 3
|
| 700 |
|
1 |
|a Марков
|b Г. Н.
|g Ганс Николаевич
|
| 801 |
|
0 |
|a RU
|b 63413507
|c 20011209
|g PSBO
|
| 801 |
|
2 |
|a RU
|b 63413507
|c 20180830
|g PSBO
|
| 942 |
|
|
|c BK
|